[Event "Moscow Aeroflot op-A"]
[Site "Moscow"]
[Date "2005.02.15"]
[Round "1"]
[White "Atalik, Suat"]
[Black "Epishin, Vladimir"]
[Result "1/2-1/2"]
[WhiteElo "2560"]
[BlackElo "2614"]
[Annotator "Atalik,S"]
[PlyCount "76"]
[EventDate "2005.02.15"]
[EventType "swiss"]
[EventRounds "9"]
[EventCountry "RUS"]
[SourceTitle "CBM 106"]
[Source "ChessBase"]
[SourceDate "2005.06.06"]
[SourceVersion "1"]
[SourceVersionDate "2005.06.06"]
[SourceQuality "1"]

1. d4 Nf6 2. c4 c6 3. Nc3 d5 4. e3 a6 5. Nf3 e6 $5 {Epish goes for a line
recently popularised by Misha Gurevich.} 6. Be2 $5 $146 {A new concept in a
well known position.} Nbd7 7. O-O Bd6 (7... dxc4 8. a4 $1 {is the known motif.}
) 8. b3 (8. a4 O-O (8... Ne4 9. Nxe4 dxe4 10. Nd2 f5 11. c5 Bc7 12. f4 exf3 13.
Nxf3 Nf6 14. b4 O-O 15. Qb3 $13) 9. b3 Qe7 10. Bb2 Ne4 11. Nd2 f5 12. f4 $13)
8... Ne4 9. Nxe4 $6 {I do not know why I have chosen to exchange on e4.} (9.
Bb2 $142 f5 10. Ne1 (10. Nd2 O-O 11. f4 $13) 10... O-O 11. f4 $13 {was a
better way to handle the position.}) 9... dxe4 10. Nd2 f5 11. a4 O-O $5 ({After
} 11... Qe7 12. c5 Bc7 13. Nc4 O-O 14. Nd6 $13 {leads to a complicated
position.}) 12. Ba3 Bxa3 13. Rxa3 c5 $1 {I have missed this positional idea.}
14. Nb1 $5 (14. dxc5 $6 a5 $1 $17 {and all of a sudden black is on the top.})
14... cxd4 $6 {Black had a very interesting pawn sac!} (14... Qe7 $142 15. a5
Rd8 16. dxc5 Nxc5 17. Qc2 Nd3 (17... e5 $6 18. b4) 18. Rd1 Bd7 $5 19. Bxd3 exd3
20. Rxd3 Bc6 21. Ra2 Be4 (21... Rxd3 22. Qxd3 Rd8 23. Qe2 Qb4 24. Nd2 Qc3 25.
h3 e5 $44 {Black is very active but white has no weaknesses.}) 22. Rxd8+ Rxd8
23. Qc1 Rd3 (23... Qg5 $6 24. f4) 24. Nc3 Qb4 25. Nxe4 fxe4 26. h3 Rxb3 27. Qc2
Rb1+ 28. Kh2 Qd6+ 29. g3 Qd3 30. Qxd3 exd3 31. Rd2 Rb3 32. Kg2 Kf7 33. Kf3 Ra3
34. Ke4 Rxa5 35. Rxd3 Ke7 36. Rb3 b5 37. cxb5 Rxb5 $11) 15. Qxd4 Qe7 (15... a5
16. Nc3 Ra6 17. Rd1 Qe7 18. Raa1 e5 19. Qd5+ Kh8 20. Nb5 Nf6 21. Qd2 Be6 22.
Rab1 $14) 16. a5 $8 Nb8 $1 {Now it is Epishin's turn to deploy the knight on
c6 after pulling it back to its original square.} 17. Qb2 (17. c5 $6 Rd8 18.
Qc3 Bd7 19. b4 Bb5 20. Bxb5 axb5 21. Rb3 Na6 $1 $36 {Black has serious play on
the d line.}) 17... Nc6 18. Nc3 Bd7 19. Raa1 $1 {The rook has nothing to do on
a3 and looks awkward there.} Rab8 $6 (19... Be8 $5 20. b4 $1 Bg6 21. c5 (21. b5
$6 axb5 22. Qxb5 Be8 $1 $15) 21... f4 $1 22. exf4 Rxf4 23. b5 $1 axb5 24. Nxb5
e3 25. fxe3 Rxf1+ 26. Bxf1 Qxc5 27. Qd2 $1 Rd8 28. Qc3 Qxc3 29. Nxc3 Ra8 30. a6
bxa6 31. Rxa6 Rxa6 32. Bxa6 $11) 20. Rfb1 $1 {Counterplay comes right on time.}
Nb4 21. Qa3 Rf7 22. Rd1 Nc2 23. Qxe7 Rxe7 24. Ra2 Nb4 25. Rad2 Be8 26. Na2 Nxa2
(26... Nc6 27. b4) 27. Rxa2 $14 {White is obviously better after the
elimination of knights.} b6 $1 {Black is trying to get rid of his main
weakness.} 28. axb6 Rxb6 29. Ra3 Rc7 $1 {By exact moves Volodya is about
getting an equal ending.} (29... Reb7 $6 30. c5 $1 Rxb3 31. Rxb3 Rxb3 32. Bc4
$16) 30. Kf1 Kf7 31. Ke1 Rcb7 32. Rb1 $1 {White should not allow further
exchanges.} a5 33. Kd2 a4 34. Kc3 Rb4 $6 ({I was expecting the more natural} 
34... axb3 35. Raxb3 Rxb3+ 36. Rxb3 Ra7 $11) 35. h4 $2 $138 {An empty move I
can not explain why I have chosen it.} (35. Bd1 Ke7 36. Bc2 Kd6 $1 (36... Rb8
$6 37. Rba1 axb3 38. Rxb3 Rxb3+ 39. Bxb3 $16) 37. Rd1+ Kc5 38. Rd8 Bc6 39. Rc8
axb3 40. Bxb3 Kd6 $1 41. h4 $14 (41. c5+ Kxc5 42. Bxe6 g6 43. Ra6 R4b6 44. Rxb6
Kxb6 $11)) 35... Ke7 36. Bd1 Kd6 37. Rb2 Kc5 38. Rd2 Rb8 $1 {Since black has
covered successfully his backrank there is not much play left.} 1/2-1/2

[Event "Bled op 21st"]
[Site "Bled"]
[Date "2000.03.25"]
[Round "1"]
[White "Atalik, Suat"]
[Black "Filipenko, Alexander V"]
[Result "0-1"]
[WhiteElo "2575"]
[BlackElo "2370"]
[Annotator "Atalik,S"]
[PlyCount "140"]
[EventDate "2000.03.25"]
[EventType "swiss"]
[EventRounds "9"]
[EventCountry "SLO"]
[SourceTitle "EXT 2002"]
[Source "ChessBase"]
[SourceDate "2001.11.25"]
[SourceVersion "1"]
[SourceVersionDate "2001.11.25"]
[SourceQuality "1"]

1. d4 d5 2. c4 c6 3. Nc3 Nf6 4. e3 e6 5. Nf3 Nbd7 6. Qc2 b6 $5 7. cxd5 exd5 (
7... cxd5 8. Nb5 Bb4+ 9. Bd2 Bxd2+ 10. Nxd2 O-O $14) 8. g3 $6 (8. Bd3 $142)
8... Bd6 (8... Be7 9. Bg2 Ba6 10. Qa4 Qc8 11. Ng1 O-O 12. Nge2 b5 $13) 9. Bg2 (
9. Bh3 Ba6 (9... Ne5 10. dxe5 Bxh3 11. Ng5) 10. Qa4 Qc8 11. Ne5 Qb7 (11... b5
12. Nxd7 Nxd7 13. Qc2) 12. Nxd7 Nxd7) 9... Ba6 10. Ng1 (10. Qa4 Qc8 11. Ng1 O-O
12. Nge2 b5) 10... O-O 11. Nge2 Qe7 12. O-O Ne4 (12... h5 13. f3) 13. f3 (13.
Re1 Nxc3 14. Nxc3 f5) 13... Nxc3 14. bxc3 f5 15. Rf2 Bc4 16. Bd2 b5 17. Nc1 h5
18. Bh3 g6 19. Nd3 (19. Nb3 a5) 19... Kg7 20. Re1 (20. Nb2 $142 Nb6 21. Nxc4
Nxc4 22. Re1 b4 23. Ree2) 20... Nf6 21. Rg2 Rae8 $6 (21... Nh7 $1 22. e4 $140
fxe4 23. fxe4 dxe4 24. Nf2 Ng5 25. Bxg5 Qxg5 26. Nxe4 Qe3+) 22. Qb1 Nh7 23. Rf2
h4 24. Nf4 Ng5 25. Bg2 (25. gxh4 Nxh3+ 26. Nxh3 Qxh4 27. Nf4) 25... hxg3 26.
hxg3 Rh8 $17 27. Bf1 Qc7 (27... Bxf1 28. Kxf1 Rh6 $17) 28. Bxc4 bxc4 (28...
Bxf4 $2 29. exf4 Nh3+ 30. Kg2 Rxe1 (30... Nxf2 $2 31. Rxe8 Rxe8 32. Bf1 $16)
31. Qxe1 Nxf2 32. Bf1 Nh3 33. Qe6 $1 $13 (33. Qe5+ $6 Qxe5 34. fxe5 Kf7 $17))
29. Kg2 Rh6 30. Rff1 (30. Rh1 Rxh1 31. Qxh1 Rh8 32. Qb1 Kg8 (32... Kf6 33. e4))
30... Reh8 31. Rh1 Rxh1 (31... Kf6 32. Rxh6 Rxh6 33. Rh1) 32. Rxh1 Rxh1 33.
Qxh1 Qb6 34. Qh4 (34. Qc1 $15) 34... Bxf4 (34... Be7 $4 35. Ne6+ $1 $18) 35.
Qxf4 Nf7 36. e4 dxe4 37. fxe4 fxe4 38. Qxe4 Qa5 39. Qe2 (39. Bf4 $6 Qxa2+ (
39... Qxc3 40. Be5+ Kh7 41. Qxc6 Qc2+ $17) 40. Kh3 Qa5 41. Qxc6 Qxc3 $17) 39...
Qd5+ 40. Kg1 (40. Qf3 Nd6 41. Bf4 Ne4) 40... g5 41. Qe7 $6 (41. g4 Kf6 42. Kf2
Nd6 43. Qf3+ Ke6 44. Qh3 $11) 41... a5 (41... Qf3 42. Be1 Qd1 43. Kf2 $11) 42.
Kf2 $2 (42. g4 Qf3 43. Qe6 a4 44. a3 $11) (42. Be1 $1 g4 $140 43. Qe2 Qf5 (
43... Qf3 $2 44. Qxf3 gxf3 45. Kf2 Ng5 46. Ke3 $18) 44. Bd2 Nd6 (44... Qb1+ 45.
Kf2) 45. Qe7+ $11) 42... Qf5+ 43. Kg2 Qc2 44. Qe3 Qxa2 45. d5 cxd5 46. Qd4+ Kg6
47. Qxd5 Qc2 48. g4 a4 49. Kf3 a3 (49... Qd3+ 50. Qxd3+ cxd3 51. Bc1 Ne5+ 52.
Ke3 a3 53. Bxa3 Nc4+ 54. Kxd3 Nxa3 $19) 50. Be3 Qxc3 (50... Qd3 51. Qxd3+ cxd3)
51. Qe4+ (51. Ke2 $142 $8 Qb2+ (51... Qd3+ $2 52. Qxd3+ cxd3+ 53. Kxd3 Ne5+ 54.
Kc2 a2 55. Bd4 Nxg4 56. Kb2 Kf5 57. Kxa2 Ke4 58. Bg1 Ne3 59. Kb3 g4 60. Kc3 $11
) (51... Qe5 $2 52. Qxc4 Qb2+ 53. Bd2 a2 54. Qd3+ Kf6 55. Qc3+ Qxc3 56. Bxc3+
Ke6 57. Kd2 Ne5 58. Kc2 Nxg4 59. Kb2 Nf2 60. Bd4 Nd3+ 61. Kxa2 $11) 52. Kf3)
51... Kh6 52. Ke2 Qb2+ 53. Kf3 Qf6+ $5 (53... Ne5+ 54. Kg3 a2 55. Bd4 a1=Q $19)
54. Kg2 (54. Kg3 a2) 54... a2 55. Bd4 a1=Q 56. Bxa1 Qxa1 57. Qxc4 Qf6 $19 58.
Qe4 Qb2+ 59. Kh3 Ne5 60. Qe3 Ng6 (60... Qh2+) 61. Qe6 Qe2 62. Qf6 Qe3+ 63. Kg2
Qe5 (63... Qe4+ 64. Kh3 Qh1+ $19) 64. Qc6 Kg7 65. Qd7+ Qe7 66. Qd4+ Ne5 67. Qe3
Qf6 68. Kg3 Ng6 69. Qa7+ Kh6 70. Qd7 Ne5 0-1

[Event "EU-ch 4th"]
[Site "Istanbul"]
[Date "2003.06.11"]
[Round "11"]
[White "Atalik, Suat"]
[Black "Gurevich, Mikhail"]
[Result "1/2-1/2"]
[WhiteElo "2568"]
[BlackElo "2635"]
[Annotator "Atalik,S"]
[PlyCount "33"]
[EventDate "2003.05.30"]
[EventType "swiss"]
[EventRounds "13"]
[EventCountry "TUR"]
[SourceTitle "CBM 096"]
[Source "ChessBase"]
[SourceDate "2003.09.25"]
[SourceVersion "1"]
[SourceVersionDate "2003.09.25"]
[SourceQuality "1"]

1. d4 d5 2. c4 c6 3. Nf3 Nf6 4. Nc3 e6 5. e3 a6 $5 {I myself started to use
Misha's rediscovery. It leads to more flexible positions than a regular Meran
for black.} 6. Bd2 $5 {A new concept. I know that I like this type of moves.} (
6. c5 {was used twice in Euwe-Alekhine World Championship Match and both ended
up in whites win.}) (6. Qc2 c5 {Most likely Alekhine was impressed about this
move 5... a6 after his efforts in vain against Rejfir in Maribor 1934.}) 6...
c5 7. cxd5 exd5 8. dxc5 Bxc5 9. g3 $1 $146 {Fianchetto suits whites game.} O-O
10. Bg2 Nc6 11. O-O Bg4 12. h3 Be6 $6 {Difficult to spot out where black may
go wrong.maybe this is the moment.} (12... Bf5 13. Na4 Ba7 14. Bc3 $14) 13. Rc1
Ba7 (13... Qe7 14. Qc2) 14. Ne2 Ne4 15. Bc3 $1 Nxc3 16. Rxc3 Qf6 17. Ned4 {
A bad draw offer by my side.} (17. Ned4 Rac8 18. Rd3 $1 {This I have missed
but Misha did not.} Nxd4 19. Nxd4 Rc7 $1 20. Rd2 Rfc8 21. Ne2 $16 {Whites
advantage is undisputable.}) 1/2-1/2

[Event "YUG-ch 56th"]
[Site "Herceg Novi"]
[Date "2001.04.05"]
[Round "12"]
[White "Djukic, Nikola"]
[Black "Kosic, Dragan"]
[Result "0-1"]
[WhiteElo "2389"]
[BlackElo "2504"]
[Annotator "Atlas,V"]
[PlyCount "44"]
[EventDate "2001.03.23"]
[EventType "tourn"]
[EventRounds "15"]
[EventCountry "YUG"]
[EventCategory "10"]
[SourceTitle "CBM 083"]
[Source "ChessBase"]
[SourceDate "2001.07.05"]
[SourceVersion "1"]
[SourceVersionDate "2001.07.05"]
[SourceQuality "1"]

1. d4 d5 2. c4 c6 3. Nc3 Nf6 4. e3 e6 5. Nf3 Nbd7 6. Qc2 Bd6 7. g4 Bb4 8. Bd2
Qe7 9. Rg1 Bxc3 10. Bxc3 Ne4 11. Bd3 Nxc3 12. Qxc3 dxc4 13. Qxc4 c5 14. Rc1 b6
15. Be4 Rb8 16. Qa4 O-O 17. Qxa7 cxd4 18. Nxd4 Qb4+ 19. Kf1 e5 20. a3 Qd2 21.
Nb3 Qxb2 22. Qa4 {[%tqu "En","White's pieces are badly coordinated. How can
Black use this?","Use a shaky position of the c1-rook.","Try to deflect the
b3-knight.","d7c5","Of course! This move wins immediately.",4]} Nc5 $1 {
[%csl Rb3,Rc1][%cal Gc5b3,Gb2c1,Gc1f1,Gc1c5]} (22... Nc5 {And White resigned,
as after} 23. Nxc5 Qxc1+ 24. Kg2 Qxc5 {Black is rook up.}) 0-1

[Event "Minneapolis HB Global op"]
[Site "Minneapolis"]
[Date "2005.05.20"]
[Round "4"]
[White "Vasquez Schroder, Rodrigo Rafael"]
[Black "Friedel, Joshua E"]
[Result "0-1"]
[WhiteElo "2551"]
[BlackElo "2425"]
[Annotator "Atlas,V"]
[PlyCount "88"]
[EventDate "2005.05.18"]
[EventType "swiss"]
[EventRounds "9"]
[EventCountry "USA"]
[SourceTitle "CBM 107"]
[Source "ChessBase"]
[SourceDate "2005.08.01"]
[SourceVersion "1"]
[SourceVersionDate "2005.08.01"]
[SourceQuality "1"]

1. d4 d5 2. c4 c6 3. e3 Nf6 4. Nc3 e6 5. Nf3 Nbd7 6. Qc2 Bd6 7. b3 b6 8. Be2
Bb7 9. O-O O-O 10. Rd1 Qe7 11. Bb2 Rac8 12. Rac1 c5 13. cxd5 exd5 14. Qb1 Ne4
15. dxc5 Nxc3 16. Rxc3 bxc5 17. Bd3 g6 18. Bf1 Nf6 19. Qa1 Ne4 20. Rc2 f5 21.
g3 g5 22. Bg2 Rce8 23. Re1 f4 24. exf4 gxf4 25. Nd2 fxg3 26. fxg3 Qg5 27. Nxe4
dxe4 28. Qd1 Re6 29. Bc1 Qg6 30. Be3 Qf5 31. Rd2 Qe5 32. Bf1 Rg6 33. Bc4+ Kh8
34. Rg2 Rf3 35. Qd2 h5 36. Rd1 h4 37. Kh1 hxg3 38. hxg3 Rfxg3 39. Rh2+ Kg7 40.
Bh6+ Kf6 41. Qf2+ $2 ({After this mistake Black's attack becomes irresistible.
Essential was} 41. Rf2+ $1 Ke7 42. Rf7+ Ke8 (42... Kd8 $4 43. Qa5+ $1 {, with
mate in a few moves.}) 43. Rf8+ Kd7 44. Rf7+ {, with a draw by perpetual.})
41... Ke7 42. Qf7+ (42. Be3 {is strongly met by} Qg7 $1 {, threatening 43...
Re3!} ({premature} 42... Rxe3 $2 {fails to} 43. Qf7+ Kd8 44. Rh7 {, and White
is winning.})) 42... Kd8 43. Bf4 {[%tqu "En","Both kings are not safe, but
Black can strike first. How?","Weakness of White's back rank is the key factor
in this position.","Sacrifice your queen!","e5d4","This brilliant move decides
the game for Black.",6]} Qd4 $3 {[%csl Gb7,Rd1,Gd4,Rg1,Gg3,Gg6,Rh1][%cal Gb7h1,
Gg6g1] A stunning strike winning the game!} 44. Bxg3 ({Or} 44. Rxd4 Rg1#) 44...
e3+ (44... e3+ {, and White resigned in view of} 45. Qxb7 Qxd1+ 46. Kg2 Rxg3#)
0-1

[Event "EU-ch 4th"]
[Site "Istanbul"]
[Date "2003.06.07"]
[Round "8"]
[White "Schandorff, Lars"]
[Black "Bocharov, Dmitry"]
[Result "1-0"]
[WhiteElo "2563"]
[BlackElo "2492"]
[Annotator "Atlas,V"]
[PlyCount "83"]
[EventDate "2003.05.30"]
[EventType "swiss"]
[EventRounds "13"]
[EventCountry "TUR"]
[SourceTitle "CBM 096"]
[Source "ChessBase"]
[SourceDate "2003.09.25"]
[SourceVersion "1"]
[SourceVersionDate "2003.09.25"]
[SourceQuality "1"]

1. d4 d5 2. c4 c6 3. Nf3 Nf6 4. Nc3 e6 5. e3 Nbd7 6. Qc2 Bd6 7. g4 dxc4 8. Bxc4
b6 9. e4 e5 10. g5 Nh5 11. Be3 O-O 12. O-O-O Qe7 13. Ne2 g6 14. Ng3 Ng7 15. Kb1
exd4 16. Nxd4 Ne5 17. Be2 c5 18. Nb5 Bb8 19. Nc3 Be6 20. f4 Nc6 21. Bf3 Nd4 22.
Bxd4 cxd4 23. Nce2 Bc7 24. f5 Rfc8 25. Qd3 Bxg3 26. Nxg3 Bc4 27. Qd2 Qe5 28.
Qxd4 Qf4 29. Be2 Bxe2 30. Nxe2 Qxg5 31. Nc3 Nh5 32. Nd5 Rc5 33. Rhg1 Qh4 34. f6
Kh8 $2 ({A decisive mistake. Essential was} 34... Re8) {[%tqu "En","How can
White exploit the power of his active pieces and the shaky position of the
enemy king?","Exploit the weakness of Black's back rank.","Sacrifice your
knight!","d5b6","This efficient knight jump yields White a decisive advantage.
",5]} 35. Nxb6 $1 {[%csl Ra8,Rc5,Rh8][%cal Gd1d8] Exploiting weakness of
Black's back rank, White wins an exchange and gets a decisive advantage.} Re8 (
35... axb6 {leads to a nice mate final} 36. Qd8+ Rxd8 37. Rxd8#) 36. Qxc5 axb6
37. Qe7 $1 Nxf6 ({Again using a weakness of Black' back rank. the queen is
invulnerable:} 37... Rxe7 38. Rd8+ Re8 39. Rxe8#) 38. Qxf7 Qxe4+ 39. Ka1 Qe5
40. Rgf1 Ng4 41. Rc1 Nxh2 42. Rh1 (42. Rh1 {, threatening 42.Rh2. Black
resigned, as he cannot avoid further material losses:} Rg8 43. Rxh2 Qxh2 44.
Qf6+ Rg7 45. Rc8#) 1-0

[Event "Samba Cup 1st"]
[Site "Skanderborg"]
[Date "2003.10.17"]
[Round "7"]
[White "Palo, Davor"]
[Black "Nielsen, Peter Heine"]
[Result "0-1"]
[WhiteElo "2510"]
[BlackElo "2626"]
[Annotator "Atlas,V"]
[PlyCount "68"]
[EventDate "2003.10.10"]
[EventType "tourn"]
[EventRounds "9"]
[EventCountry "DEN"]
[EventCategory "16"]
[SourceTitle "CBM 098"]
[Source "ChessBase"]
[SourceDate "2004.02.03"]
[SourceVersion "1"]
[SourceVersionDate "2004.02.03"]
[SourceQuality "1"]

1. d4 d5 2. c4 c6 3. Nf3 Nf6 4. Nc3 e6 5. e3 Nbd7 6. Qc2 Bd6 7. g4 Bb4 8. Bd2
Qe7 9. Rg1 Bxc3 10. Bxc3 Ne4 11. cxd5 exd5 12. Bd3 O-O 13. O-O-O Re8 14. Be1 $6
(14. h4 {was to be preferred. war vorzuziehen.}) 14... c5 $1 15. Kb1 c4 16.
Bxe4 dxe4 17. Ne5 Nxe5 18. dxe5 Qxe5 19. Qxc4 Qxh2 20. Bc3 Be6 21. Qd4 Qh6 22.
g5 Qg6 {White has no sufficient compensation for the pawn. Weiß hat für den
Bauern nicht genügend Ersatz.} 23. Ka1 b6 24. Qd6 Rac8 25. Kb1 a5 26. Ka1 b5
27. Bxa5 Ra8 28. Qb4 Bxa2 29. Kxa2 Qb6 30. Rd6 Rxa5+ 31. Kb3 Qc7 32. Rgd1 Rc8
33. Qc3 $2 ({More stubborn was Hartnäckiger war} 33. Qxe4 {, although after ,
obwohl nach} Raa8 {Black's manifold threats can hardly be parried. die
vielfältigen schwarzen Drohungen kaum zu parieren sind.}) {[%tqu "En","How can
Black finish his attack?","Exploit the exposed position of the enemy king and
the shaky placement of the white queen.","Sacrifice your rook!","a5a3","This
brilliant sacrifice wins on the spot.",5,"De","Wie kann Schwarz seinen Angriff
beschließen?","Schlagen Sie Kapital aus der exponierten Stellung des weißen
Königs sowie der unsicheren Stellung der weißen Dame.","Opfern Sie den Turm!",
"a5a3","Dieses brillante Opfer gewinnt auf der Stelle.",5]} 33... Ra3+ $1 {
[%csl Ga3,Rb2,Rb3,Rc3,Gc7,Gc8][%cal Gc8c3] The terrific rook thrust concludes
the game in style. Dieses fabelhafte Turmopfer bildet einen stilvollen
Abschluss der Partie.} 34. Kxa3 ({Or Oder} 34. bxa3 Qxc3+ {, winning. und
gewinnt.}) 34... Qa7+ (34... Qa7+ {, and White resigned in view of inevitable
checkmate: und Weiß gab auf, denn das Matt ist unausweichlich:} 35. Kb3 Qa4#)
0-1

[Event "EU-ch 4th"]
[Site "Istanbul"]
[Date "2003.05.31"]
[Round "2"]
[White "Moiseenko, Alexander"]
[Black "Potkin, Vladimir"]
[Result "0-1"]
[WhiteElo "2627"]
[BlackElo "2522"]
[Annotator "Atlas,V"]
[PlyCount "62"]
[EventDate "2003.05.30"]
[EventType "swiss"]
[EventRounds "13"]
[EventCountry "TUR"]
[SourceTitle "CBM 096"]
[Source "ChessBase"]
[SourceDate "2003.09.25"]
[SourceVersion "1"]
[SourceVersionDate "2003.09.25"]
[SourceQuality "1"]

1. d4 d5 2. c4 e6 3. Nc3 Nf6 4. Nf3 c6 5. e3 Nbd7 6. Qc2 Bd6 7. g4 Bb4 8. Bd2
Qe7 9. Rg1 Bxc3 10. Bxc3 Ne4 11. Bd3 Nxc3 12. Qxc3 dxc4 13. Bxc4 O-O 14. h4 c5
15. g5 cxd4 16. Qxd4 Rd8 17. O-O-O b5 $1 {[%csl Rc1,Rf3][%cal Gc8b7,Gb7f3,
Ga8c8] This pawn sacrifice yields Black a dangerous initaive.} 18. Bxb5 Bb7 19.
Qd6 $4 ({This careless attempt to exchange queens is impressively refuted by
Black. Essential was} 19. Be2 {, although after} Nc5 {Black has excellent
attacking prospects.}) 19... Rac8+ 20. Kb1 Be4+ 21. Ka1 {[%tqu "En","How can
Black use the disharmony in the placement of White's pieces?","Exploit a shaky
position of the white queen.","Try to overload White's d1-rook!","c8c1","This
powerful strike decides the game for Black.",4]} Rc1+ {[%csl Ra1,Gc1,Rd1,Rd6,
Ge7][%cal Ge7d6] An impressive winning move! Black wins a queen and gets a
decisive advantage.} 22. Rxc1 Qxd6 23. Rgd1 Qb6 24. Rxd7 Bxf3 25. Rxd8+ Qxd8
26. Ba6 {A last desperate attempt to exploit temporary weakness of Black's
back rank is easily refuted by Black.} Bc6 $1 27. b4 ({The bishop is
invulnerable:} 27. Rxc6 Qd1+) 27... Qd6 28. f4 (28. b5 {fails to} Qe5+ 29. Kb1
Be4+) 28... g6 29. b5 Bd5 30. h5 gxh5 31. f5 Qe5+ (31... Qe5+ {, with mate in
four:} 32. Kb1 Be4+ 33. Rc2 Qc3 34. fxe6 Qxc2+ 35. Ka1 Qb1#) 0-1

[Event "RUS-ch U20"]
[Site "Nojabrsk"]
[Date "2005.03.05"]
[Round "4"]
[White "Tomashevsky, Evgeny"]
[Black "Popov, Ivan1"]
[Result "1-0"]
[WhiteElo "2540"]
[BlackElo "2476"]
[Annotator "Atlas,V"]
[PlyCount "61"]
[EventDate "2005.03.02"]
[EventType "tourn"]
[EventRounds "11"]
[EventCountry "RUS"]
[EventCategory "11"]
[SourceTitle "CBM 106"]
[Source "ChessBase"]
[SourceDate "2005.06.06"]
[SourceVersion "1"]
[SourceVersionDate "2005.06.06"]
[SourceQuality "1"]

1. Nf3 Nf6 2. c4 c6 3. Nc3 d5 4. e3 a6 5. Qc2 b5 6. b3 e6 7. d4 Nbd7 8. Be2 Bb7
9. O-O Be7 10. Bb2 O-O 11. Rad1 Rc8 12. c5 Qc7 13. b4 Ne8 14. Ne5 Nxe5 $6 ({
Better was Besser war} 14... f6 15. Nxd7 Qxd7 16. e4 f5) 15. dxe5 f6 16. Bg4 f5
17. Be2 a5 18. a3 g6 19. f4 Ng7 20. Bd3 Ra8 21. Ne2 a4 22. Nd4 Bc8 23. h3 Bd7
24. g4 h5 ({White's attack is very dangerous. An attempt to evacuate the black
king deserved consideration here: Der Angriff des Weißen ist sehr gefährlich,
daher kam hier der Versuch in Betracht, den schwarzen König zu evakuieren:} 
24... Kf7 25. Qg2 Rg8) 25. gxf5 exf5 26. Rd2 Ne6 27. Rg2 Nxd4 28. Bxd4 Kh7 29.
Kh1 Be6 $2 ({A decisive mistake. Essential was Ein entscheidender Fehler.
Erforderlich war} 29... Rg8 30. Rfg1 Raf8) 30. Rfg1 Rg8 $2 ({More stubborn was
Zäher war} 30... Bh4 31. Rxg6 Qf7) {[%tqu "En","Black's fortress seems to be
impregnable, yet White can destroy it with a terrific blow. How?","Destroy
Black's defensive bastions on the kingside.","Sacrifice your rook to activate
the battery Qc2/Bd3.","g2g6","This terrific blow completely destroys Black's
fortification.",6,"De","Die schwarze Festung scheint uneinnehmbar, und doch
kann Weiß sie mit einem wuchtigen Schlag aus den Angeln heben. Wie?",
"Zerschlagen Sie die schwarzen Bastionen am Königsflügel.","Opfern Sie Ihren
Turm, um die Batterie Dc2/Ld3 zu aktivieren.","g2g6","Dieser wuchtige Schlag
legt die schwarzen Befestigungen in Schutt und Asche.",6]} 31. Rxg6 $1 {
[%csl Gc2,Gd3,Rf5,Gg1,Gg6,Rg8,Rh7][%cal Gc2h7] This beautiful rook sacrifice
unveils flaws in Black's defensive construction and concludes White's attack
in style. Dieses kraftvolle Turmopfer offenbart die Schwächen in der schwarzen
Defensivkonstruktion und beschließt den weißen Angriff auf stilvolle Weise.} (
31. Rxg6 $1 {, and Black resigned, as White's manifold threats cannot be
parried: und Schwarz gab auf, denn die vielfältigen Drohungen des Weißen sind
nicht zu parieren:} Rxg6 32. Bxf5 Bxf5 33. Qxf5 Rag8 (33... Bg5 34. Rxg5 Qg7
35. e6) 34. Qxh5+ Rh6 35. Qf7+) 1-0